The innovation for development report 2009-2010 (Record no. 54060)

MARC details
000 -LEADER
fixed length control field 00558nam a2200181Ia 4500
008 - FIXED-LENGTH DATA ELEMENTS--GENERAL INFORMATION
fixed length control field 191130s2010##################000#0#eng##
020 ## - INTERNATIONAL STANDARD BOOK NUMBER
ISBN 9780230239661
082 ## - DEWEY DECIMAL CLASSIFICATION NUMBER
Classification number 338.064 LOP
100 ## - MAIN ENTRY--AUTHOR NAME
Personal name López-Claros, Augusto
245 ## - TITLE STATEMENT
Title The innovation for development report 2009-2010
Statement of responsibility, etc Augusto López-Claros
260 ## - PUBLICATION, DISTRIBUTION, ETC. (IMPRINT)
Place of publication Basingstoke, Hampshire
Name of publisher Palgrave Macmillan
Year of publication 2010
300 ## - PHYSICAL DESCRIPTION
Number of Pages xvii, 397 p. : ill., maps ; 28 cm
500 ## - GENERAL NOTE
General note Includes index
991 ## -
-- 171042
Holdings
Withdrawn status Lost status Damaged status Not for loan Home library Current library Shelving location Date acquired Full call number Accession Number Price effective from Koha item type
        Anna Centenary Library Anna Centenary Library 4TH FLOOR, A WING 09.10.2020 338.064 LOP 305396 09.10.2020 English Books

Find us on the map